| 000 | 00764nam a2200289Ia 4500 | ||
|---|---|---|---|
| 001 | Para_710 | ||
| 003 | CHAP | ||
| 008 | 220125s1914 xx 000 0 und d | ||
| 010 | _a199435 | ||
| 040 | _cCHAP | ||
| 090 | _aPA FOLLETO 3426 | ||
| 100 |
_aStewart, J.W. _9164673 |
||
| 245 |
_aScorpions / _c by J.W. Stewart and J.A. Jackman |
||
| 260 |
_aTexas : _b The Texas a&M. Univesity Sistem |
||
| 300 | _a1 hoja | ||
| 410 | _aHouse and landscape pests | ||
| 650 |
_aAracnidos _97284 |
||
| 650 |
_aEscorpiones _937567 |
||
| 700 |
_aJackman, J.A. _9164671 |
||
| 901 | _aPA FOLLETO 3426 | ||
| 902 | _aA | ||
| 905 | _a0000001914 0000000000 00 | ||
| 910 | _a1914 | ||
| 942 | _cPARA | ||
| 942 |
_cPARA _d1 |
||
| 999 |
_c199435 _d199435 |
||